| 000 | 00384 a2200109 4500 | ||
|---|---|---|---|
| 001 | ART_10822 | ||
| 005 | 20260410161851.0 | ||
| 008 | 260409a | ||
| 245 | 1 | 0 | _aLa Corte aclaró las viejas discuciones sobre los abortos no punibles |
| 100 | 1 | _aFigueroa, Francisco | |
| 773 | 0 |
_tDerecho Penal _gAborto. Muerte digna. Infanticido - Año I, Nº 2 (sep. 2012) _wREV10351 |
|
| 999 |
_c24979 _d24979 |
||